000 00971cam a22003137a 4500
001 002402
003 armpunfd
005 20140612090707.0
008 110314e2009a##########000#0##nd#d
020 _a9789586538022
040 _aarmpunfd
_carmpunfd
080 _a341.63 AR 16
100 1 0 _a Conejero Roos, Csitian
245 1 0 _aEl arbitraje comercial internacional en iberoamerica marco legal y jurisprudencial
260 _aBogota-Buenos aires :
_bLegis.
300 _a1217 p.
650 7 _a Arbitraje Comercial Internacional
_2LEMB
650 7 _a Arbitraje Comercial
_2LEMB
650 7 _a Convenio Arbitral
_2LEMB
650 7 _a Derecho Comercial
_2LEMB
650 7 _a Iberoamerica
_2LEMB
650 7 _a Laudo Arbitral
_2LEMB
650 7 _a Procedimiento Arbitral
_2LEMB
700 1 0 _aHierro Hernandez-Mora, Antonio
700 1 0 _aMacchia, Valeria
700 1 0 _aSoto Coaguila, Carlos (Coord.)
942 _cLB
_2cdu
945 _aCatalis
_d2010-08-19
999 _c2392
_d232896